000 00476nam a2200181Ia 4500
005 20250508153248.0
008 008 250505s9999 xx 000 0 eng d
037 _aTextual
040 _aFEDL
_beng
_cFEDL
041 _aeng
_2eng
084 _a707, LAW
_qFEDL
100 _aLawley Leslie W
_9763557
245 0 _aBasic course in art
260 _aLondon, UK
_bLund Humphries
_c1962
300 _a85p.
942 _cTEXL
_h707, LAW
999 _c1341595
_d1341595